000 00673nam a2200229Ia 4500
005 20250508165025.0
008 008 250505s9999 xx 000 0 eng d
020 _a0-87692-591-3
037 _aTextual
040 _aFEDL
_beng
_cFEDL
041 _aeng
_2eng
084 _a001.642 4, NAS
_qFEDL
100 _aNashelsky Louis
_9464281
245 0 _aIBM PC/XT: Basic programming and applications
260 _aNew Delhi, India
_bPrentice Hall of India Private Limited
_c1992
300 _ax,310p.
365 _aINR
_b695
546 _aMACESE
700 _a Boylestad Robert
_9779732
942 _cTEXL
_h001.642 4, NAS
999 _c1392714
_d1392714